000 00442nam a2200157 a 4500
001 000034367
005 20200930073648.0
008 111003s1988 ag 000 0 spa d
020 _a9509910793
040 _aDO-SdBNP
_bspa
_cBNPHU
100 1 _aFasciolo, Guillermina
_913501
245 1 0 _aInstantes /
_cGuillermina Fasciolo.
260 _aBuenos Aires, Argentina :
_bEdiciones Tu Llave,
_c1988.
300 _a82 p. ;
_c21 cm.
049 _aBNPD
999 _c33858
_d33858